000 00587nam a2200229Ia 4500
003 OSt
005 20220918231546.0
006 a|||||r|||| 00| 0
007 ta
008 220917b |||||||| |||| 00| 0 eng d
024 _a308,407
037 _cTextual
040 _aARTS
_cARTS
_benu
041 _2enu
_aenu
082 _aO111,3M921,1, 168K8
100 _aHussain Moh Hadi
_9155131
245 0 _aHarold Lamb
260 _c1968
650 _aENGLISH LITERATURE
942 _hO111,3M921,1, 168K8
_cTEXL
_2CC
999 _c291726
_d291726